[Event "AUTO-MASTER-532"]
[Site "http://www.queenalice.com/game.php?id=498837"]
[Date "2008.11.26"]
[Round "2"]
[White "mariolusena"]
[Black "lucich"]
[Result "1/2-1/2"]
[WhiteElo "2374"]
[BlackElo "2204"]

1. d4 d5 2. Nc3 Nf6 3. Nf3 g6 4. Bf4 Bg7 5. e3 O-O 6. h3 c5 7. dxc5 Nbd7 8. g4
Ne4 9. Na4 b5 10. cxb6 axb6 11. Bb5 Ra5 12. Qe2 Rxa4 13. Bxa4 Ndc5 14. Bb5 Bxb2
15. Rb1 Nc3 16. Rxb2 Nxe2 17. Bxe2 f6 18. Bh6 Re8 19. Kf1 f5 20. Ne5 Qd6 21. Bf4
g5 22. Bh2 Rf8 23. Kg2 Qf6 24. f4 fxg4 25. hxg4 gxf4 26. Bxf4 Ne6 27. Bg3 d4 28.
Kg1 Ng5 29. exd4 Ne4 30. Be1 Qf4 31. Rb3 Qc1 32. Kh2 Rf6 33. Rg1 Qf4+ 34. Kg2
Ng5 35. Rf1 Bb7+ 36. Bf3 Nxf3 37. Rfxf3 Qxd4 38. Bg3 Bxf3+ 39. Nxf3 Qxg4 40. Re3
Qc4 41. c3 Qxa2+ 42. Kh3 Qb1 43. Kg2 Qc1 44. Re2 Qxc3 45. Nh4 Kf7 46. Ra2 b5 47.
Rf2 b4 48. Nf3 b3 49. Be5 Rg6+ 50. Ng5+ Ke8 51. Bxc3 Rxg5+ 52. Kf1 Rc5 53. Rf3
h5 54. Bb2 Rb5 55. Ke2 h4 56. Rh3 Rb4 57. Kd2 Kd7 58. Kc3 Rg4 59. Rh2 Rg3+ 60.
Kc4 h3 61. Bc3 Kd6 62. Kxb3 Ke6 63. Re2+ Kd7 64. Ra2 Rg4 65. Ra7+ Ke6 66. Bb4
Rg7 67. Ra6+ Kf7 68. Rh6 Rg3+ 69. Kc4 Kg7 70. Rh4 e6 71. Bc3+ Kg6 72. Kd4 Kf5
73. Rh8 e5+ 74. Kc4 e4 75. Bb4 Rd3 76. Rh4 Rf3 77. Bc5 Rd3 78. Bg1 Rg3 79. Bb6
Rd3 80. Bd4 Rg3 81. Rh8 1/2-1/2

[Event "AUTO-MASTER-532"]
[Site "http://www.queenalice.com/game.php?id=498840"]
[Date "2008.11.26"]
[Round "2"]
[White "mariolusena"]
[Black "biscuter"]
[Result "1/2-1/2"]
[WhiteElo "2375"]
[BlackElo "2412"]

1. Nc3 f5 2. Nf3 Nf6 3. d4 e6 4. g3 b6 5. Bg2 Bb7 6. O-O Be7 7. Bf4 O-O 8. Nb5
d6 9. Qd3 a6 10. Nc3 Nd5 11. Nxd5 Bxd5 12. c4 Be4 13. Qe3 Qe8 14. Ne1 Qg6 15.
Rd1 Nd7 16. Qb3 Nf6 17. f3 Bb7 18. Nd3 Nh5 19. Be3 Qe8 20. Rc1 a5 21. Rf2 a4 22.
Qb5 Bc6 23. Qb4 e5 24. d5 Bd7 25. Bh3 f4 26. Bxd7 Qxd7 27. gxf4 exf4 28. Bd4 Bf6
29. Qc3 Rae8 30. Rg2 Re3 31. b4 Bxd4 32. Qxd4 Qe7 33. Kf1 Re8 34. Kg1 Qh4 35.
Kf1 Qe7 36. Kg1 Qh4 37. Kf1 1/2-1/2

[Event "AUTO-MASTER-532"]
[Site "http://www.queenalice.com/game.php?id=498841"]
[Date "2008.11.26"]
[Round "2"]
[White "biscuter"]
[Black "mariolusena"]
[Result "1/2-1/2"]
[WhiteElo "2412"]
[BlackElo "2376"]

1. e4 Nc6 2. Nf3 e5 3. Bc4 Bc5 4. b4 Bxb4 5. c3 Ba5 6. d4 exd4 7. O-O Nf6 8. Ba3
d6 9. e5 Ne4 10. cxd4 O-O 11. Bd5 Bf5 12. Qc1 Ne7 13. Bxb7 Rb8 14. Bxe4 Bxe4 15.
Nbd2 Bd3 16. Re1 Nd5 17. Qc6 Nf4 18. exd6 cxd6 19. Qxd6 Bxd2 20. Qxd8 Rfxd8 21.
Nxd2 Ne2+ 22. Kh1 Nxd4 23. Be7 Rd5 24. Nf1 f6 25. Ne3 Rd7 26. Bc5 Rb2 27. Bxd4
Rxd4 28. Nd1 Rd2 29. Kg1 Kf7 30. Ne3 Kg6 31. Red1 Bb5 32. Rxd2 Rxd2 33. h4 Rd4
34. g3 Rd2 35. a3 Rd3 36. a4 Bc6 37. a5 Bf3 38. Kh2 h5 39. Ng2 Rc3 40. Ne3 Rb3
41. Kg1 Rb5 42. Nc2 Rb2 43. Ne3 Be4 44. Nc4 Rb4 45. Ne3 Kf7 46. Ng2 g5 47. hxg5
fxg5 48. Ne3 Ba8 49. Nc2 Rb2 50. Ne3 Be4 1/2-1/2

[Event "AUTO-MASTER-472"]
[Site "http://www.queenalice.com/game.php?id=509314"]
[Date "2008.12.17"]
[Round "2"]
[White "mariolusena"]
[Black "StenioVS"]
[Result "1-0"]
[WhiteElo "2402"]
[BlackElo "2163"]

1. Nc3 e5 2. Nf3 Nc6 3. d4 exd4 4. Nxd4 Nge7 5. g3 g6 6. Bg5 Bg7 7. Nd5 h6 8.
Nxc6 dxc6 9. Nf6+ Bxf6 10. Qxd8+ Kxd8 11. Bxf6 Rg8 12. O-O-O+ Ke8 13. Bg2 Be6
14. e4 Rd8 15. Rxd8+ Kxd8 16. Rd1+ Ke8 17. Be5 f5 18. f3 Kf7 19. Bxc7 Bxa2 20.
b3 Rc8 21. Be5 fxe4 22. fxe4 Ra8 23. Bh3 Re8 24. Bd7 Ra8 25. Rf1+ 1-0

[Event "AUTO-MASTER-472"]
[Site "http://www.queenalice.com/game.php?id=509315"]
[Date "2008.12.17"]
[Round "2"]
[White "StenioVS"]
[Black "mariolusena"]
[Result "0-1"]
[WhiteElo "2165"]
[BlackElo "2407"]

1. d4 Nf6 2. c4 c5 3. Nf3 cxd4 4. Nxd4 Nc6 5. Nc3 Qb6 6. Ndb5 a6 7. Be3 Qa5 8.
Na3 e6 9. Nc2 b5 10. cxb5 axb5 11. a3 Ne4 12. Bd2 Nxd2 13. Qxd2 b4 14. Nd1 Bb7
15. e4 Qe5 16. Bd3 Be7 17. f4 Qf6 18. e5 Qh6 19. Be4 f6 20. exf6 Qxf6 21. Bxc6
Bxc6 22. axb4 Rxa1 23. Nxa1 Qh6 24. O-O O-O 25. Nb3 Rb8 26. Nd4 Bxb4 27. Nc3 Bc5
28. Rf2 Rb4 29. Kh1 Rxd4 0-1

[Event "AUTO-OPEN-1003"]
[Site "http://www.queenalice.com/game.php?id=514033"]
[Date "2008.12.29"]
[Round "3"]
[White "reginaldox"]
[Black "mariolusena"]
[Result "0-1"]
[WhiteElo "1731"]
[BlackElo "2402"]

1. b4 Nf6 2. Bb2 e6 3. Nf3 Bxb4 4. e3 d5 5. Be2 Nc6 6. O-O O-O 7. d4 b6 8. a3
Be7 9. c4 h6 10. cxd5 Nxd5 11. Nc3 Bb7 12. Rc1 Re8 13. Nxd5 Qxd5 14. Re1 Na5 15.
Qd3 c5 16. Red1 c4 17. Qc2 b5 18. Nd2 Qxg2# 0-1

[Event "AUTO-OPEN-1003"]
[Site "http://www.queenalice.com/game.php?id=514034"]
[Date "2008.12.29"]
[Round "3"]
[White "mariolusena"]
[Black "reginaldox"]
[Result "1-0"]
[WhiteElo "2411"]
[BlackElo "1726"]

1. Nc3 d5 2. d4 g6 3. Nf3 Bg7 4. e4 dxe4 5. Nxe4 Nf6 6. Nxf6+ Bxf6 7. Bc4 O-O 8.
O-O Bg4 9. c3 Nd7 10. Re1 Re8 11. Qb3 e6 12. Qxb7 Nb6 13. Bb5 Rf8 14. Ne5 Bxe5
15. dxe5 Qe7 16. Be3 Rfb8 17. Qe4 Bf5 18. Qc6 Nd5 19. Bc5 1-0

[Event "QA-ANNIV-04"]
[Site "http://www.queenalice.com/game.php?id=514337"]
[Date "2008.12.29"]
[Round "4"]
[White "mariolusena"]
[Black "Bebeto"]
[Result "1-0"]
[WhiteElo "2388"]
[BlackElo "2209"]

1. Nc3 e5 2. Nf3 Nc6 3. d4 exd4 4. Nxd4 Nf6 5. Bf4 a6 6. Nxc6 bxc6 7. e4 Bb4 8.
Bd3 O-O 9. O-O d6 10. Na4 h6 11. c3 1-0

[Event "QA-ANNIV-04"]
[Site "http://www.queenalice.com/game.php?id=578108"]
[Date "2009.4.26"]
[Round "5"]
[White "mariolusena"]
[Black "PowerGuido"]
[Result "0-1"]
[WhiteElo "2410"]
[BlackElo "2426"]

1. d4 Nf6 2. Nc3 d5 3. Bf4 Bf5 4. Nf3 e6 5. Nh4 Nh5 6. Nxf5 Nxf4 7. e3 Ng6 8.
Ng3 Be7 9. Qd3 O-O 10. O-O-O c5 11. dxc5 Nd7 12. Kb1 Rc8 13. Be2 Nxc5 14. Qd2
Qb6 15. Nh5 Rfd8 16. Qd4 e5 17. Qg4 d4 18. exd4 Ne6 19. d5 Nef4 20. Nxf4 Nxf4
21. Qf3 Rxc3 22. Qxc3 Nxe2 23. Qe3 Nf4 24. Qxb6 axb6 25. g3 Nh3 26. Rhf1 Bc5 27.
f3 f5 28. c3 Kf7 29. a4 Ke7 30. Kc2 Rc8 31. Rd2 Kd6 32. Kb3 Ra8 33. Rdd1 g5 34.
Rd2 Rf8 35. Kc4 Be3 36. Rg2 Ra8 37. b4 f4 38. Ra2 h5 39. a5 bxa5 40. bxa5 g4 41.
gxf4 exf4 42. Rg2 Rg8 43. a6 bxa6 44. Ra1 Rc8+ 45. Kb3 gxf3 46. Rg6+ Kxd5 47.
Rh6 Ke4 48. Rxh5 f2 49. Rxh3 Kd3 50. Kb4 Ke2 51. Ra2+ Bd2 52. Rxd2+ Kxd2 0-1

[Event "Let's Play Chess!"]
[Site "http://www.queenalice.com/game.php?id=1141961"]
[Date "2013.1.19"]
[Round "-"]
[White "HelderNanques"]
[Black "mariolusena"]
[Result "1/2-1/2"]
[WhiteElo "2089"]
[BlackElo "2409"]

1. Nc3 e5 2. e4 Nc6 3. Bb5 Nf6 4. Nf3 d6 5. O-O Be7 6. d4 Bd7 7. Be3 a6 8. Bc4
b5 9. Bd5 O-O 10. a3 exd4 11. Nxd4 Nxd5 12. Nxd5 Nxd4 13. Bxd4 c5 14. Bc3 Be6
15. f4 Bxd5 16. Qxd5 Re8 17. Rf3 Bf6 18. Re1 Bxc3 19. Rxc3 Qf6 20. e5 Qxf4 21.
Rf3 Qd4+ 22. Qxd4 cxd4 23. Ref1 dxe5 24. Rxf7 Rac8 25. Ra7 Rxc2 26. h4 d3 27.
Rff7 d2 28. Rxg7+ 1/2-1/2

[Event "AUTO-ELITE-1105"]
[Site "http://www.queenalice.com/game.php?id=1142581"]
[Date "2013.1.20"]
[Round "1"]
[White "mariolusena"]
[Black "chaingang"]
[Result "1-0"]
[WhiteElo "2403"]
[BlackElo "2215"]

1. e4 e5 2. f4 exf4 3. Nf3 d6 4. Bc4 h6 5. O-O Be6 6. Bxe6 fxe6 7. d4 g5 8. Nc3
Bg7 9. Kh1 Nc6 10. d5 exd5 11. Nxd5 Nf6 12. Bd2 O-O 13. Bc3 Re8 14. g3 fxg3 15.
Nxf6+ Bxf6 16. Qd5+ Kg7 17. Nxg5 hxg5 18. Qxg5+ 1-0

[Event "AUTO-ELITE-1105"]
[Site "http://www.queenalice.com/game.php?id=1142582"]
[Date "2013.1.20"]
[Round "1"]
[White "chaingang"]
[Black "mariolusena"]
[Result "0-1"]
[WhiteElo "2203"]
[BlackElo "2416"]

1. e4 c6 2. Nc3 e6 3. d4 d5 4. e5 Nd7 5. Nce2 c5 6. c3 Qb6 7. a3 a6 8. f4 Nh6 9.
Nf3 Be7 10. b4 cxb4 11. cxb4 O-O 12. Bd2 Qa7 13. Ng3 Nb6 14. Rc1 Bd7 15. Bd3
Rac8 16. O-O Nc4 17. Bxc4 Rxc4 18. Rxc4 dxc4 19. Qc2 b5 20. h3 Bc6 21. Be3 a5
22. Qc3 axb4 23. axb4 Qa4 24. Bd2 Ra8 25. f5 Nxf5 26. Nxf5 exf5 27. Ne1 Be4 28.
d5 Bxd5 29. Rxf5 h6 30. Qg3 Qb3 31. Nf3 Qb1+ 0-1

[Event "AUTO-ELITE-1105"]
[Site "http://www.queenalice.com/game.php?id=1142583"]
[Date "2013.1.20"]
[Round "1"]
[White "mariolusena"]
[Black "pumamercedino"]
[Result "1-0"]
[WhiteElo "2389"]
[BlackElo "2408"]

1. e4 e6 2. d4 d5 3. Nc3 Nf6 4. e5 Nfd7 5. f4 c5 6. Nf3 Nc6 7. Be3 a6 8. g3 b5
9. Ne2 Be7 10. Kf2 O-O 11. c3 b4 12. cxb4 Nxb4 13. Kg2 c4 14. Nc3 Nb6 15. Be2
Qc7 16. h3 Bd7 17. Rc1 Rab8 18. Qd2 a5 19. a3 Nc6 20. Bd1 a4 21. Bc2 Na5 22.
Rcf1 Nb3 23. Qe1 Ra8 24. Qb1 h6 25. h4 f5 26. exf6 Bxf6 27. g4 Be7 28. Ng5 e5
29. Bh7+ Kh8 30. fxe5 1-0

[Event "AUTO-ELITE-1105"]
[Site "http://www.queenalice.com/game.php?id=1142584"]
[Date "2013.1.20"]
[Round "1"]
[White "pumamercedino"]
[Black "mariolusena"]
[Result "0-1"]
[WhiteElo "2400"]
[BlackElo "2401"]

1. e4 c5 2. Nf3 Nc6 3. Bb5 d6 4. Bxc6+ bxc6 5. O-O Nf6 6. d3 e5 7. h3 Qb6 8. Na3
Qa6 9. Nc4 Be6 10. Qe2 Nd7 11. Ng5 Bxc4 12. dxc4 h6 13. Nf3 Be7 14. Rd1 g6 15.
a3 Rb8 16. Rb1 Kf8 17. b4 Kg7 18. Bd2 Qa4 19. Rb3 cxb4 20. axb4 c5 21. b5 Nb6
22. Rc3 a6 23. Rb3 Ra8 24. Rdb1 Qxc4 25. Qe3 axb5 26. Rxb5 Nd7 27. Rb7 Qxc2 28.
R1b3 Rab8 29. Rxb8 Nxb8 0-1

[Event "Let's Play Chess!"]
[Site "http://www.queenalice.com/game.php?id=1142912"]
[Date "2013.1.20"]
[Round "-"]
[White "ulisses67"]
[Black "mariolusena"]
[Result "0-1"]
[WhiteElo "1475"]
[BlackElo "2388"]

1. Nc3 d5 2. e3 c5 3. d4 Nd7 4. Nxd5 e6 5. Nf4 Ngf6 6. Bb5 Qa5+ 7. c3 Qxb5 8. a4
Qa6 9. dxc5 Nxc5 10. Nge2 Bd7 11. b3 Rd8 12. Ba3 Bxa4 13. Qb1 Nxb3 14. Ra2 Nc1
15. O-O Nxa2 16. Qxa2 Bb5 17. Rb1 Bc4 18. Qb2 Bxa3 19. Qxb7 Qxb7 20. Rxb7 Rd1#
0-1

[Event "0كير"]
[Site "http://www.queenalice.com/game.php?id=1145960"]
[Date "2013.1.27"]
[Round "-"]
[White "Kir"]
[Black "mariolusena"]
[Result "0-1"]
[WhiteElo "2285"]
[BlackElo "2411"]

1. d4 Nf6 2. c4 d6 3. Nc3 Bf5 4. e4 Nxe4 5. Qf3 Nxc3 6. Qxf5 Na4 7. Qb5+ Qd7 8.
Qxb7 Nb6 9. Nf3 Nc6 10. d5 Nd8 11. Qa6 g6 12. Bd3 Bg7 13. O-O O-O 14. Re1 e6 15.
Qa5 exd5 16. cxd5 Nb7 17. Qb4 Rab8 18. Bb5 a5 19. Bxd7 axb4 20. Bc6 Na5 21. Kf1
Nxc6 22. dxc6 Ra8 23. Re7 Nd5 24. Re4 Ra6 25. Rc4 f5 26. a3 h6 27. Nd4 Re8 28.
f3 Ra5 29. Nc2 Kf7 30. Nxb4 Bxb2 31. Rb1 Nb6 32. Rh4 Bxc1 33. Rxc1 h5 34. Ra1
Rea8 35. Nc2 Rc5 36. Nb4 Nc4 37. a4 Ne5 38. Ke2 Nxc6 39. Nxc6 Rxc6 40. Kd3 Rca6
41. Rc4 c5 42. g4 Kf6 43. h3 Ra5 44. gxh5 gxh5 45. Rh4 d5 46. Rxh5 Rxa4 47. Rh6+
Kg5 48. Rxa4 Rxa4 49. Rc6 Ra3+ 50. Kd2 c4 51. Rd6 Rd3+ 52. Ke2 Kf4 53. h4 Re3+
54. Kd2 c3+ 55. Kc2 Ke5 56. Rd7 Rxf3 57. h5 d4 58. h6 Rf2+ 59. Kc1 Rh2 60. h7 f4
61. Re7+ Kd5 0-1

[Event "0كير"]
[Site "http://www.queenalice.com/game.php?id=1145961"]
[Date "2013.1.27"]
[Round "-"]
[White "mariolusena"]
[Black "Kir"]
[Result "1-0"]
[WhiteElo "2407"]
[BlackElo "2198"]

1. e4 e5 2. f4 exf4 3. Nf3 g5 4. Bc4 g4 5. O-O gxf3 6. Qxf3 Qf6 7. d3 Nc6 8.
Bxf4 Bc5+ 9. Kh1 d6 10. Nc3 Be6 11. Nd5 Bxd5 12. exd5 Ne5 13. Rae1 Kf8 14. Qh5
Qg6 15. Rxe5 dxe5 16. Qxe5 Be7 17. Qxc7 Bf6 18. Qxb7 Re8 19. d6 Kg7 20. d7 Rd8
21. Rf3 Qh5 22. g4 Qa5 23. b4 Qb6 24. Qd5 Qe6 25. Qh5 Qe1+ 26. Kg2 Qe2+ 27. Rf2
1-0

[Event "M"]
[Site "http://www.queenalice.com/game.php?id=1149579"]
[Date "2013.2.11"]
[Round "-"]
[White "mariolusena"]
[Black "Kir"]
[Result "1-0"]
[WhiteElo "2420"]
[BlackElo "2266"]

1. e4 Nc6 2. d4 d5 3. e5 Bf5 4. Bb5 a6 5. Bxc6+ bxc6 6. Ne2 e6 7. O-O c5 8. c3
Qd7 9. Be3 cxd4 10. Nxd4 Bg6 11. Nd2 c5 12. Ne2 Rb8 13. b3 Qc7 14. a3 Ne7 15. b4
Nc6 16. Nb3 c4 17. Nc5 Bxc5 18. Bxc5 Nxe5 19. Nf4 Kd8 20. Re1 Kc8 21. Qd4 Nc6
22. Qxg7 Kb7 23. Qf6 Qd8 24. Qxd8 Rhxd8 25. Nxg6 hxg6 26. a4 Kc7 27. f4 Rb7 28.
Rac1 Kd7 29. Rcd1 Rh8 30. Re2 Rh4 31. g3 Rh8 32. Kg2 Rc8 33. h4 Na5 34. Bd4 Nb3
35. Bf6 a5 36. b5 Nc5 37. g4 Rg8 38. Kf3 Nxa4 39. h5 gxh5 40. gxh5 Rxb5 41. h6
Rb3 42. h7 Rc8 43. Rc1 Nc5 44. h8=R Rxh8 45. Bxh8 Ra3 46. Rb2 a4 47. Rb8 Kc6 48.
Rc8+ Kb5 49. Ra8 Ra2 50. Rh1 Nb3 51. Be5 a3 52. Rhh8 Nd2+ 53. Ke3 Nf1+ 54. Kf3
Nd2+ 55. Ke2 1-0

[Event "AUTO-ELITE-1105"]
[Site "http://www.queenalice.com/game.php?id=1171983"]
[Date "2013.4.15"]
[Round "2"]
[White "mariolusena"]
[Black "elcurazul"]
[Result "1-0"]
[WhiteElo "2425"]
[BlackElo "2298"]

1. e4 e5 2. f4 exf4 3. Nf3 Be7 4. Bc4 Nf6 5. Nc3 O-O 6. O-O Nxe4 7. Nxe4 d5 8.
Bd3 dxe4 9. Bxe4 Nd7 10. d4 Bd6 11. c4 c6 12. Bd2 Re8 13. Qc2 Nf6 14. Bd3 b6 15.
Rfe1 Rxe1+ 16. Rxe1 h6 17. Bc3 Qc7 18. Qf2 Be6 19. Ne5 Ng4 20. Qxf4 Nxe5 21.
dxe5 Bc5+ 22. Kh1 Rd8 23. Qe4 g6 24. Be2 1-0

[Event "AUTO-ELITE-1105"]
[Site "http://www.queenalice.com/game.php?id=1171984"]
[Date "2013.4.15"]
[Round "2"]
[White "elcurazul"]
[Black "mariolusena"]
[Result "0-1"]
[WhiteElo "2290"]
[BlackElo "2430"]

1. e4 c6 2. Nf3 d5 3. e5 Bf5 4. d4 e6 5. Be2 Nd7 6. O-O c5 7. c4 b6 8. cxd5 exd5
9. Re1 cxd4 10. Bb5 Bg4 11. h3 Be6 12. Nxd4 Bc5 13. Nxe6 fxe6 14. Qg4 Qe7 15.
Bg5 h5 16. Qa4 Qxg5 17. Bxd7+ Ke7 18. Bxe6 Rd8 19. Bxg8 Rhxg8 20. Nc3 Rgf8 21.
Re2 Rf5 22. e6 Kf8 23. Qxa7 Qe7 24. Qa6 d4 0-1